A philosophical disease : (Record no. 1436)

MARC details
000 -LEADER
fixed length control field 00779nam a2200217 a 4500
003 - CONTROL NUMBER IDENTIFIER
control field BD-DhJNU
005 - DATE AND TIME OF LATEST TRANSACTION
control field 20250303065239.0
008 - FIXED-LENGTH DATA ELEMENTS--GENERAL INFORMATION
fixed length control field 980331s1999 nyu b 001 0 eng
020 ## - INTERNATIONAL STANDARD BOOK NUMBER
International Standard Book Number 0415919398 (alk. paper)
020 ## - INTERNATIONAL STANDARD BOOK NUMBER
International Standard Book Number 0415919401 (pbk. : alk. paper)
040 ## - CATALOGING SOURCE
Original cataloging agency BD-DhJNU
Language of cataloging ENG
Transcribing agency BD-DhJNU
Modifying agency BD-DhJNU
082 00 - DEWEY DECIMAL CLASSIFICATION NUMBER
Classification number 174.2 KLP
Edition number 23
100 1# - MAIN ENTRY--PERSONAL NAME
Personal name Elliott, Carl
245 12 - TITLE STATEMENT
Title A philosophical disease :
Remainder of title bioethics, culture, and identity /
Statement of responsibility, etc. Carl Elliott.
260 ## - PUBLICATION, DISTRIBUTION, ETC.
Place of publication, distribution, etc. New York :
Name of publisher, distributor, etc. Routledge,
Date of publication, distribution, etc. c1999.
300 ## - PHYSICAL DESCRIPTION
Extent xxxvi, 188 p. ;
Dimensions 24 cm.
504 ## - BIBLIOGRAPHY, ETC. NOTE
Bibliography, etc. note Includes bibliographical references (p. [165]-184) and index.
650 #0 - SUBJECT ADDED ENTRY--TOPICAL TERM
Topical term or geographic name entry element Psychiatric ethics
General subdivision Philosophy.
856 42 - ELECTRONIC LOCATION AND ACCESS
Materials specified Publisher description
Uniform Resource Identifier <a href="http://www.loc.gov/catdir/enhancements/fy0651/98007053-d.html">http://www.loc.gov/catdir/enhancements/fy0651/98007053-d.html</a>
942 ## - ADDED ENTRY ELEMENTS (KOHA)
Koha item type Books
Holdings
Withdrawn status Lost status Source of classification or shelving scheme Damaged status Not for loan Collection Home library Current library Shelving location Date acquired Source of acquisition Total checkouts Full call number Barcode Date last seen Copy number Price effective from Koha item type
    Dewey Decimal Classification     Non-fiction Jagannath University Central Library Jagannath University Central Library General stacks 03/03/2025 Purchased   174.2 KLP JNUCL21925 03/03/2025 1 03/03/2025 Books